| 000 | 01047cam a2200181 a 4500 | ||
|---|---|---|---|
| 999 |
_c2699 _d2699 |
||
| 020 | _a0471268992 | ||
| 050 | 0 | 0 |
_aHD69.P75 _bP626 |
| 245 | 0 | 4 |
_aThe portable MBA in project management / _cedited by Eric Verzuh. |
| 260 |
_aHoboken, N.J. : _bWiley, _cc2003. |
||
| 300 |
_axx, 436 p. : _bill. ; _c26 cm. |
||
| 440 | 0 | _aPortable MBA series | |
| 500 | _aIncludes index | ||
| 505 | _aThe PORTABLE MBA in PROJECT MANAGEMENT; Preface; Acknowledgments; About the Editor; About the Contributors; Contents; PART ONE THE CASE FOR PROJECT MANAGEMENT; 1. Project Management Is a Strategic Strength; 2. Leading the Change to a Project-Based Organization; PART TWO THE PROJECT MANAGEMENT DISCIPLINE; 3. Project Selection; 4. Building the Action Plan: Scheduling, Estimating, and Resource Allocation; 5. Achieving Stakeholder Satisfaction through Project Control; 6. Project Risk Management; 7. Quality, Quality Management, and Project Management. | ||
| 650 | 0 | _aProject management. | |
| 650 | 7 | _aProject Management (PM) | |
| 700 | 1 | _aVerzuh, Eric. | |
| 942 | _cBK | ||